Los jóvenes frente a una sociedad manipuladora : (formación, creatividad y valores) / Alfonso López Quintás

Uloženo v:
Podrobná bibliografie
Hlavní autor: López Quintás, Alfonso (autor)
Médium: Kniha
Vydání:2a ed.
Témata:
Tagy: Přidat tag
Žádné tagy, Buďte první, kdo vytvoří štítek k tomuto záznamu!

MARC

LEADER 00000nam^a2200000^u^4500
001 000551964
005 20250521000000.0
008 060220s1000^^^^^^^^^^^^r^^^^^000^0^spa^d
009 20260310131607.069
022 |a 8472211541 
035 |a FMI 000021752 
037 |a Acervo Xavier Clavigero 
096 |a 8.7.1/69/C 
100 |a López Quintás, Alfonso  |e (autor) 
245 1 4 |a Los jóvenes frente a una sociedad manipuladora : (formación, creatividad y valores) / Alfonso López Quintás 
250 |a 2a ed. 
264 |a Madrid : San Pío X, 
300 |a 157 p. 
336 |a texto  |b txt  |2 rdacontenido 
337 |a sin mediación  |b n  |2 rdamedio 
338 |a volumen  |b nc  |2 rdasoporte 
649 |a XX 
650 |a Educación 
910 |a Fondo Francisco Migoya Covarrubias S.J. 
920 |a Impresos - Libros 
930 |a Fondos Especiales 
905 |a 134 
901 |a SBC15959  |b IT2  |c ESP  |u 20250521 
902 |a https://opac.biblio.iteso.mx/vufind/Record/000551964